01588cam a2200421 i 450000100090000000300050000900500170001400800410003101000170007202000310008902000530012003800100017304000280018304200080021104300210021905000260024008200160026610000420028224500550032425000190037926000440039830000230044233600260046533700280049133800270051956300070054660000550055365000480060865000650065665000590072165500380078065500310081877601480084990600450099794200120104299900190105495200930107320690521NUST20220829150424.0180928s2019 nyu 000 1 eng  a 2018044622 a9780062841100q(hardcover) z9780062939654q(international edition paperback) aAzhar aDLCbengcDLCerdadDLC apcc an-us---ae-gx---00aPS3553.H473bR47 201900a813.54bCHI1 aChiaverini, Jennifer,eauthor.99607710aResistance women :ba novel cJennifer Chiaverini. aFirst edition. aNew York, NY :bWilliam Morrow,c[2019] a594 pages ;c24 cm atextbtxt2rdacontent aunmediatedbn2rdamedia avolumebnc2rdacarrier aHB10aHarnack-Fish, Mildred,d1902-1943vFiction.998397 0aWomen spieszUnited StatesvFiction.998398 0aWorld War, 1939-1945xUnderground movementsvFiction.922606 0aWorld War, 1939-1945zGermanyzBerlinvFiction.998399 7aBiographical fiction.2gsafd9416 7aHistorical fiction.2gsafd08iOnline version:aChiaverini, Jennifer.tResistance womenbFirst EditiondNew York, NY : William Morrow, [2019]z9780062841117w(DLC) 2018047334 a7bcbccorignewd1eecipf20gy-gencatlg 2ddccLC c591291d591291 00102ddc4070aCLbCLcLCd2022-08-23o813.54 CHIpLC-390r2022-08-23w2022-08-23yREF